My dear judge: (Record no. 17969)

MARC details
000 -LEADER
fixed length control field 008060000a22002170004500
003 - CONTROL NUMBER IDENTIFIER
control field dpl
005 - DATE AND TIME OF LATEST TRANSACTION
control field 20081031110614.0
008 - FIXED-LENGTH DATA ELEMENTS--GENERAL INFORMATION
fixed length control field 081031t xxu||||| |||| 00| 0 eng d
010 ## - LIBRARY OF CONGRESS CONTROL NUMBER
LC control number ENG-84665
020 ## - INTERNATIONAL STANDARD BOOK NUMBER
International Standard Book Number 813130846
Terms of availability 200.00 (pbk)
035 ## - SYSTEM CONTROL NUMBER
System control number EN-68198
040 ## - CATALOGING SOURCE
Transcribing agency dpl
082 ## - DEWEY DECIMAL CLASSIFICATION NUMBER
Classification number 340.11
100 ## - MAIN ENTRY--PERSONAL NAME
Personal name Duda, P N
245 ## - TITLE STATEMENT
Title My dear judge:
Remainder of title select letters to judges on problems & paradoxes of justice delivery system in India /
Statement of responsibility, etc by P N Duda
260 ## - PUBLICATION, DISTRIBUTION, ETC. (IMPRINT)
Place of publication, distribution, etc New Delhi
Name of publisher, distributor, etc A P H Publishing
Date of publication, distribution, etc 2007
270 ## - ADDRESS
Address 5, Ansari Road, Darya Ganj, New Delhi-110002
300 ## - PHYSICAL DESCRIPTION
Extent viii,289p
Dimensions 22cm
942 ## - ADDED ENTRY ELEMENTS (KOHA)
Source of classification or shelving scheme Dewey Decimal Classification
Koha item type English Books
Classification part 340.11
Call number suffix DUD
Holdings
Withdrawn status Lost status Source of classification or shelving scheme Damaged status Not for loan Home library Current library Date acquired Cost, normal purchase price Total Checkouts Full call number Barcode Date last seen Copy number Cost, replacement price Price effective from Koha item type
    Dewey Decimal Classification   Not For Loan D.B.Act.Division D.B.Act.Division 12/03/2007 200.00   340.11 DUD EN-68198 04/11/2008 1 200.00 04/11/2008 English Books

© Delhi Public Library
Hit Counter
free hit counter